| Поле | Инд. | ПП | Название | Значение |
|---|---|---|---|---|
| Тип записи | a | |||
| Библиографический уровень | b | |||
| 001 | Контрольный номер | RU/IS/BASE/346433464 | ||
| 005 | Дата корректировки | 20200630193216.5 | ||
| 008 | Кодируемые данные | 20101223 | ||
| 040 | b | Код языка каталог. | rus | |
| e | Правила каталог. | PSBO | ||
| 041 | 0_ | a | Код языка текста | rus |
| 084 | a | Индекс другой классификации/Индекс ББК | 63.3(2)-3; 63.3(2)-69 | |
| 100 | 1_ | a | Автор | Любимов Ю. В. |
| 245 | 10 | a | Заглавие | Образ Другого |
| b | Продолж. заглавия | (Восток в европейской традиции) | ||
| n | Номер части/ раздела | Статья 2 | ||
| 500 | a | Примечание | Статью 1 см.: "Историческая психология и социология истории", 2009, №2, с. 5 - 26 | |
| 504 | a | Библиография | Подстроч. примеч. - Библиогр.: 39 назв. | |
| 520 | a | Аннотация | Статья охватывает историю освоения русскими восточных и южных земель, в которой автор выделяет три этапа: централизация вокруг Москвы и освоение Поволжья в XV-XVI веках, освоение Сибири в XVII-XVIII веках и присоединение в XIX веке Кавказа и Средней Азии. Каждый этап имеет свои особенности, обусловленные экономическими и политическими интересами Русского государства. Уделено внимание характерным чертам этнополитики на каждом из этапов | |
| 650 | a | Основная рубрика | внутренняя политика | |
| a | Основная рубрика | история | ||
| 653 | a | Ключевые слова | внешняя политика | |
| a | Ключевые слова | колониальная политика | ||
| a | Ключевые слова | колонизация | ||
| a | Ключевые слова | национальная политика (этнополитика) | ||
| a | Ключевые слова | образ Востока | ||
| a | Ключевые слова | Российская империя | ||
| a | Ключевые слова | Россия | ||
| a | Ключевые слова | русская колонизация | ||
| 773 | 08 | t | Заглавие источника | Историческая психология и социология истории |
| d | Дата издания источника | 2010 | ||
| g | Прочая информация | № 1. - С. 21 - 47 | ||
| w | Контрольный № источника | RU/IS/BASE/339246265 | ||
| 901 | t | Тип документа | b |